|
|
|
|
| LEADER |
00000nam a2200000 i 4500 |
| 001 |
IT\ICCU\RAV\2060486 |
| 003 |
ItRI |
| 005 |
20260220154749.0 |
| 008 |
170606s2017 it |||||| ||||| |||||c |
| 015 |
|
|
|2 IT
|a 2018-3500
|
| 020 |
|
|
|a 9788868436278
|
| 040 |
|
|
|b ita
|c Arcigay Genova
|
| 041 |
|
7 |
|a ita
|2 ISO-639-2
|
| 082 |
|
|
|a 306.7660945
|2 23
|
| 100 |
1 |
|
|a Corbisiero, Fabio
|0 IT\ICCU\RMSV\611400
|4 aut
|
| 245 |
1 |
0 |
|a Città arcobaleno :
|b una mappa della vita omosessuale nell'Italia di oggi /
|c Fabio Corbisiero e Salvatore Monaco.
|
| 260 |
|
|
|a Roma :
|b Donzelli,
|c 2017
|
| 300 |
|
|
|a VI, 151 p. ;
|c 20 cm
|
| 650 |
|
7 |
|a Omosessuali
|x Diritti
|x Italia
|
| 700 |
1 |
|
|a Monaco, Salvatore,
|d (1987- )
|0 IT\ICCU\CFIV\336320
|
| 830 |
|
0 |
|a Virgola ;
|v 129
|0 IT\ICCU\LO1\0808399
|
| 942 |
|
|
|2 ddc
|c BK
|
| 952 |
|
|
|0 0
|1 0
|2 ddc
|4 0
|6 306_766094500000000_COR_CIT
|7 1
|9 2790
|a GE
|b GE
|d 2025-01-10
|l 0
|o 306.7660945 COR CIT
|p 1423
|r 2025-01-10 14:23:21
|w 2025-01-10
|y BK
|
| 952 |
|
|
|0 0
|1 0
|4 0
|6 DOC_306_766000000000000_COR
|7 0
|9 20719
|a BO
|b BO
|d 2026-01-15
|i 18545
|l 0
|o DOC 306.766 COR
|p BO18545
|r 2026-01-15 23:21:34
|w 2026-01-15
|x [Sebina 5] [1 v.]
|y BK
|z 1 v.
|
| 952 |
|
|
|0 0
|1 0
|4 0
|6 DOC_306_766000000000000_COR
|7 0
|9 20720
|a BO
|b BO
|d 2026-01-15
|i 19152
|l 0
|o DOC 306.766 COR
|p BO19152
|r 2026-01-15 23:21:34
|w 2026-01-15
|x [Sebina 7] [1 v.]
|y BK
|z 1 v.
|
| 999 |
|
|
|c 2405
|d 2405
|